书目信息 |
| 题名: |
网络星河
|
|
| 作者: | 卡斯泰尔 著 ;郑波 , 武炜 译 | |
| 分册: | ||
| 出版信息: | 北京 社会科学文献出版社 2007.06 |
|
| 页数: | 299页 | |
| 开本: | 21cm | |
| 丛书名: | 现代社会学文库 | |
| 单 册: | ||
| 中图分类: | G301 , TP393 | |
| 科图分类: | ||
| 主题词: | 计算机网络--ji suan ji wang luo--影响--社会生活 | |
| 电子资源: | ||
| ISBN: | 978-7-80230-699-8 | |
| 000 | 01357nam 2200325 450 | |
| 001 | 191000008120 | |
| 005 | 20080910091515.29 | |
| 010 | @a978-7-80230-699-8@dCNY20.00 | |
| 100 | @a20070914d2007 em y0chiy0121 ea | |
| 101 | 0 | @achi |
| 102 | @aCN@b110000 | |
| 105 | @ay a 000yy | |
| 200 | 1 | @a网络星河@Awang luo xing he@e对互联网、商业和社会的反思@d= The internet galaxy : Reflections on the internet, business and society@f(美) 曼纽尔·卡斯特著@g郑波, 武炜译@zeng |
| 210 | @a北京@c社会科学文献出版社@d2007.06 | |
| 215 | @a299页@d21cm | |
| 225 | 2 | @a现代社会学文库@Axian dai she hui xue wen ku@i译著系列 |
| 320 | @a有书目 | |
| 330 | @a本书内容包括:来自因特网历史的教训、电子商务与新经济、虚拟社区抑或网络社会、因特网中的政治Ⅱ——电脑空间里的隐私和自由、因特网的地理——网络的位置等方面的内容。 | |
| 410 | 0 | @12001 @a现代社会学文库@i译著系列 |
| 510 | 1 | @aThe internet galaxy@eReflections on the internet, business and society@zeng |
| 517 | 1 | @a对互联网、商业和社会的反思@Adui hu lian wang、shang ye he she hui de fan si |
| 606 | 0 | @a计算机网络@Aji suan ji wang luo@x影响@x社会生活 |
| 690 | @aG301@v4 | |
| 690 | @aTP393@v4 | |
| 701 | 1 | @a卡斯泰尔@Aka si tai er,@bM.@g(Castells, Manuel)@4著 |
| 702 | 0 | @a郑波@Azheng bo@4译 |
| 702 | 0 | @a武炜@Awu wei@4译 |
| 801 | 0 | @aCN@bLR@c20080910 |
| 905 | @aZUCC@dG301@eM313 | |
| 999 | @aCL | |
| 网络星河:对互联网、商业和社会的反思= The internet galaxy : Reflections on the internet, business and society/(美) 曼纽尔·卡斯特著/郑波, 武炜译.-北京:社会科学文献出版社,2007.06 |
| 299页;21cm.-(现代社会学文库.译著系列) |
| ISBN 978-7-80230-699-8:CNY20.00 |
| 本书内容包括:来自因特网历史的教训、电子商务与新经济、虚拟社区抑或网络社会、因特网中的政治Ⅱ——电脑空间里的隐私和自由、因特网的地理——网络的位置等方面的内容。 |
| ● |
| 相关链接 |
|
|
|
正题名:网络星河
索取号:G301/M313
 
预约/预借
| 序号 | 登录号 | 条形码 | 馆藏地/架位号 | 状态 | 备注 |
| 1 | 677028 | 206770289 | 社科库409/409社科库 60排5列3层/ [索取号:G301/M313] | 在馆 | |
| 2 | 677029 | 206770298 | 社科库409/409社科库 60排5列3层/ [索取号:G301/M313] | 在馆 | |
| 3 | 677030 | 206770305 | 社科库409/409社科库 60排5列3层/ [索取号:G301/M313] | 在馆 |